6 Letter Pokemon names - Statistics

General Stats
  • This quiz has been taken 184 times
    178 since last reset
  • The average score is 98 of 165
Answer Stats
Generation Type Pokémon % Correct
III Steel/Rock Aggron
86%
V Rock/Flying Archen
77%
III Steel/Rock Lairon
77%
I Poison/Flying Golbat
76%
I Normal/Flying Pidgey
76%
I Ghost/Poison Gengar
75%
II Poison/Flying Crobat
73%
V Electric/Flying Emolga
73%
I Bug/Poison Weedle
73%
I Ghost/Poison Gastly
72%
IV Water/Dragon Palkia
72%
VIII Grass/Dragon Applin
71%
III Steel/Psychic Beldum
71%
IV Steel/Dragon Dialga
71%
I Normal/Flying Fearow
71%
I Bug/Poison Kakuna
71%
I Fighting Machop
71%
II Water/Fairy Marill
71%
VI Rock/Ice Amaura
70%
II Electric Elekid
70%
I Rock/Water Kabuto
70%
I Water/Ice Lapras
70%
III Rock/Grass Lileep
70%
I Bug Pinsir
70%
III Ground/Psychic Baltoy
68%
II Fairy Cleffa
68%
VI Dragon Goodra
68%
I Water Krabby
68%
III Dragon/Psychic Latias
68%
III Dragon/Psychic Latios
68%
III Water/Grass Lombre
68%
V Fire/Fighting Emboar
67%
V Bug/Electric Joltik
67%
III Psychic/Fairy Kirlia
67%
II Bug/Flying Ledian
67%
III Steel/Psychic Metang
67%
I Electric Raichu
67%
IV Grass/Ice Snover
67%
IV Normal/Flying Starly
67%
I Electric/Flying Zapdos
67%
II Psychic/Grass Celebi
66%
III Ground/Dragon Flygon
66%
III Ice Glalie
66%
II Ground/Flying Gligar
66%
VI Fire/Normal Litleo
66%
I Fire Magmar
66%
I Fighting Mankey
66%
III Water Mudkip
66%
VI Flying/Dragon Noibat
66%
IV Water Piplup
66%
II Bug/Steel Scizor
66%
III Ice/Water Spheal
66%
IV Normal Bidoof
65%
I Normal/Flying Dodrio
65%
V Ground/Ghost Golett
65%
I Poison Grimer
65%
II Bug/Flying Ledyba
65%
VII Fire Litten
65%
II Electric Mareep
65%
I Grass/Poison Oddish
65%
V Normal/Flying Pidove
65%
V Bug/Steel Durant
63%
V Ground/Ghost Golurk
63%
II Grass/Flying Hoppip
63%
V Dragon/Ice Kyurem
63%
I Psychic Mewtwo
63%
I Fire Ponyta
63%
I Ground Cubone
62%
VIII Dragon/Ghost Dreepy
62%
I Water Horsea
62%
IV Electric Luxray
62%
III Steel/Fairy Mawile
62%
I Psychic/Fairy Mr. Mime
62%
I Water Seadra
62%
III Ice/Water Sealeo
62%
VII Normal/Dragon Drampa
61%
II Psychic Espeon
61%
III Water Feebas
61%
IV Grass Grotle
61%
III Electric Plusle
61%
VI Fire/Normal Pyroar
61%
IV Normal/Flying Chatot
59%
IV Bug/Flying Combee
59%
III Bug/Poison Dustox
59%
II Normal Furret
59%
IV Dragon/Ground Gabite
59%
V Water/Fighting Keldeo
59%
VI Steel/Fairy Klefki
59%
V Normal Patrat
59%
I Ground/Rock Rhydon
59%
III Poison Swalot
59%
III Poison Gulpin
58%
VII Dragon/Fighting Kommo-o
58%
I Normal Meowth
58%
IV Psychic/Fairy Mime Jr.
58%
II Bug Pineco
58%
IX Grass/Normal Smoliv
58%
II Ice/Ground Swinub
58%
II Water/Ground Wooper
58%
IV Normal Arceus
57%
V Normal Audino
57%
V Water Dewott
57%
IV Bug/Flying Mothim
57%
IX Electric/Fighting Pawmot
57%
II Electric Raikou
57%
II Fire Slugma
57%
II Fairy Togepi
57%
I Fire Vulpix
57%
V Dragon/Electric Zekrom
57%
III Ice Regice
56%
III Grass Seedot
56%
IV Water Buizel
54%
VIII Rock/Fire Carkol
54%
V Psychic Elgyem
54%
VI Psychic Espurr
54%
III Normal Spinda
54%
I Water Staryu
54%
VII Normal/Fighting Bewear
53%
III Psychic Deoxys
53%
VII Psychic/Ghost Lunala
53%
VII Grass/Flying Rowlet
53%
IV Poison/Dark Stunky
53%
V Water/Flying Swanna
53%
VII Psychic Cosmog
52%
VI Grass Gogoat
52%
III Water Kyogre
52%
VII Steel Meltan
52%
VIII Ice/Psychic Mr. Rime
52%
III Psychic Spoink
52%
V Electric Tynamo
52%
VI Rock/Dragon Tyrunt
52%
VIII Dark/Grass Zarude
52%
IX Grass/Normal Dolliv
51%
VII Normal Komala
51%
VII Rock/Flying Minior
51%
I Normal Tauros
51%
VII Fairy Comfey
49%
VIII Steel Cufant
49%
II Ground Phanpy
49%
IV Water Phione
49%
VI Grass Skiddo
49%
VIII Water Sobble
49%
VI Bug Spewpa
49%
VIII Ice Eiscue
48%
VIII Fire Raboot
48%
VI Poison/Water Skrelp
48%
V Ghost Yamask
48%
IV Rock Bonsly
47%
III Normal Skitty
47%
IX Steel/Poison Varoom
47%
V Psychic/Flying Woobat
47%
III Grass Cacnea
46%
VIII Dark Nickit
46%
IX Bug Nymble
46%
IX Bug Rellor
46%
VIII Electric Yamper
46%
III Normal/Flying Swablu
44%
IX Water Quaxly
43%
IX Dark/Ground Ting-Lu
43%
IX Bug/Psychic Rabsca
42%
III Psychic Wynaut
42%
IX Water/Psychic Veluza
41%
VII Bug/Water Wimpod
39%
VIII Normal Wooloo
39%
VIII Fairy Zacian
39%
No matching quizzes found
Score Distribution
Percent of People with Each Score
Percentile by Number Answered
Your Score History
You have not taken this quiz since the last reset